Consulta que su Excelencia hizo al Real Acuerdo de lo sucedido en el Capítulo Provincial de la religión de Santo Domingo

Detalles Bibliográficos
Formato: Libro
Publicado: Puebla de los Ángeles, 1670
Materias:
Colección:Banco de datos
Acervo:Biblioteca Palafoxiana. Colección de Manuscritos
Descripción Física:2 f. ; 31 x 21 cm.
Tema general:Eclesiástica
LEADER 00446nam a22001330004500
035 |a 5254 
245 1 0 |a Consulta que su Excelencia hizo al Real Acuerdo de lo sucedido en el Capítulo Provincial de la religión de Santo Domingo  
260 |a Puebla de los Ángeles, 1670 
300 |a 2 f. ; 31 x 21 cm. 
650 1 0 |a Eclesiástica 
949 |a R538/076 
942 |c PALAMANU 
943 |g Biblioteca Palafoxiana. Colección de Manuscritos 
999 |c 1073199  |d 1073199